[Event "SCO op"]
[Site "Qingdao"]
[Date "2019.09.26"]
[Round "8"]
[White "Zhumagali, Raian"]
[Black "Waqar, Ahmad Madni"]
[Result "0-1"]
[WhiteElo "1173"]
[BlackElo "1979"]
[PlyCount "84"]
[EventDate "2019.09.19"]
[EventType "swiss"]
[EventRounds "9"]
[EventCountry "CHN"]
[SourceTitle "EXT 2020"]
[Source "ChessBase"]
[SourceDate "2019.10.17"]
[SourceVersion "1"]
[SourceVersionDate "2019.10.17"]
[SourceQuality "1"]

1. e4 c5 2. Nf3 d6 3. d4 cxd4 4. Nxd4 Nf6 5. Nc3 a6 6. Bg5 e5 7. Nb3 Be6 8. Qd2 Nbd7 9. Be2 Qc7 10. 0-0 Rc8 11. a3 Be7 12. h3 h6 13. Be3 b5 14. Rfd1 Nb6 15. f3 0-0 16. Qe1 Rfd8 17. Bf2 d5 18. exd5 Nbxd5 19. Nxd5 Nxd5 20. Bd3 Nf4 21. Rac1 Bg5 22. Be3 Qe7 23. Na1 Nd5 24. Bxg5 Qxg5 25. Kh1 Nf4 26. Bf1 Bc4 27. Qf2 Nh5 28. Bxc4 bxc4 29. c3 Rd3 30. Kh2 Rcd8 31. Rxd3 Rxd3 32. Re1 Rd2 33. Re2 Qf4+ 34. Kg1 Rxe2 35. Qxe2 Qc1+ 36. Qf1 Qxb2 37. Qe1 Nf4 38. Qf1 Qxc3 39. Kh2 Qd2 40. Kg3 a5 41. Qf2 Nh5+ 42. Kg4 Qxf2 0-1

[Event "SCO op"]
[Site "Qingdao"]
[Date "2019.09.19"]
[Round "1"]
[White "Bhakti, Kulkarni"]
[Black "Waqar, Ahmad Madni"]
[Result "1-0"]
[WhiteElo "2429"]
[BlackElo "1979"]
[PlyCount "73"]
[EventDate "2019.09.19"]
[EventType "swiss"]
[EventRounds "9"]
[EventCountry "CHN"]
[SourceTitle "EXT 2020"]
[Source "ChessBase"]
[SourceDate "2019.10.17"]
[SourceVersion "1"]
[SourceVersionDate "2019.10.17"]
[SourceQuality "1"]

1. d4 Nf6 2. c4 e6 3. Nf3 b6 4. Nc3 Bb7 5. e3 d5 6. cxd5 exd5 7. Bd3 Be7 8. 0-0 0-0 9. Rb1 c5 10. b3 Nc6 11. Bb2 cxd4 12. exd4 Nb4 13. Be2 Rc8 14. a3 Nc6 15. Bd3 Bd6 16. Nb5 Bb8 17. Bf5 Ne4 18. Bxc8 Bxc8 19. Ne5 Qh4 20. f3 Nxe5 21. dxe5 Ba6 22. a4 Nc5 23. Qd4 Qh6 24. Qxd5 Qe3+ 25. Kh1 Nd3 26. Bd4 Qg5 27. Qe4 Nf4 28. Rf2 Ne6 29. Nd6 Nf4 30. Rd1 Ne6 31. Be3 Qh5 32. b4 h6 33. Rc2 Nd8 34. b5 Bxd6 35. exd6 Bb7 36. Qg4 Qe5 37. Bd4 1-0

[Event "Olympiad-40"]
[Site "Istanbul"]
[Date "2012.09.09"]
[Round "11.3"]
[White "Almedina Ortiz, Edgardo J"]
[Black "Waqar, Ahmad Madni"]
[Result "1-0"]
[WhiteElo "2247"]
[BlackElo "2062"]
[PlyCount "89"]
[EventDate "2012.08.28"]
[EventType "team-swiss"]
[EventRounds "11"]
[EventCountry "TUR"]
[SourceTitle "CBM 151"]
[Source "ChessBase"]
[SourceDate "2012.11.13"]
[SourceVersion "1"]
[SourceVersionDate "2012.11.13"]
[SourceQuality "1"]
[WhiteTeam "Puerto Rico"]
[BlackTeam "Pakistan"]
[WhiteTeamCountry "PUR"]
[BlackTeamCountry "PAK"]

1. e4 c5 2. Nf3 d6 3. d4 cxd4 4. Nxd4 Nf6 5. Nc3 a6 6. Bc4 e6 7. 0-0 Be7 8. Bb3 Qc7 9. Be3 Bd7 10. f4 Nc6 11. Qf3 Nxd4 12. Bxd4 Bc6 13. a4 Qa5 14. Qe2 0-0 15. f5 Qb4 16. Bxf6 Bxf6 17. fxe6 fxe6 18. Bxe6+ Kh8 19. Nd5 Qxb2 20. Kh1 Qe5 21. Qg4 g6 22. Rae1 Bxa4 23. Nb6 Rae8 24. Bd7 Bxd7 25. Nxd7 Qe7 26. Nxf8 Rxf8 27. Rb1 b5 28. Rf3 Be5 29. Rxf8+ Qxf8 30. Qf3 Qc8 31. Rf1 a5 32. Qf8+ Qxf8 33. Rxf8+ Kg7 34. Rb8 a4 35. Rxb5 a3 36. Ra5 Bb2 37. g4 h6 38. Kg2 Kf6 39. Kf3 Ke6 40. Ke2 Kf6 41. Kd3 Bc1 42. h3 Ke6 43. Kd4 Bb2+ 44. c3 Bc1 45. Ra6 1-0

[Event "Olympiad-40"]
[Site "Istanbul"]
[Date "2012.09.04"]
[Round "7.3"]
[White "Waqar, Ahmad Madni"]
[Black "Davy, Damion"]
[Result "1-0"]
[WhiteElo "2062"]
[BlackElo "2101"]
[PlyCount "119"]
[EventDate "2012.08.28"]
[EventType "team-swiss"]
[EventRounds "11"]
[EventCountry "TUR"]
[SourceTitle "CBM 151"]
[Source "ChessBase"]
[SourceDate "2012.11.13"]
[SourceVersion "1"]
[SourceVersionDate "2012.11.13"]
[SourceQuality "1"]
[WhiteTeam "Pakistan"]
[BlackTeam "Jamaica"]
[WhiteTeamCountry "PAK"]
[BlackTeamCountry "JAM"]

1. e4 c5 2. Nf3 Nc6 3. d4 cxd4 4. Nxd4 Nf6 5. Nc3 e5 6. Nxc6 bxc6 7. Bc4 Bb4 8. 0-0 0-0 9. Bg5 Bxc3 10. bxc3 h6 11. Bh4 g5 12. Bg3 d6 13. Qe2 Qe7 14. h4 Kg7 15. Rad1 Bg4 16. f3 Be6 17. hxg5 hxg5 18. Bxe6 fxe6 19. Qd2 Nh5 20. Bh2 Rad8 21. c4 c5 22. g4 Nf4 23. Bxf4 gxf4 24. Kg2 Qh4 25. Qf2 Rh8 26. Qxh4 Rxh4 27. Rh1 Rxh1 28. Kxh1 Kf6 29. Kg2 Rb8 30. Rxd6 Rb2 31. g5+ Ke7 32. Ra6 Rxc2+ 33. Kh3 Rxc4 34. Rxa7+ Kd6 35. g6 Rb4 36. g7 Rb8 37. Kg4 c4 38. Kg5 Rc8 39. Ra3 Kc5 40. Rc3 Kd4 41. Rc1 Kd3 42. Kf6 c3 43. Kf7 Kd2 44. Rh1 c2 45. g8Q Rxg8 46. Kxg8 c1Q 47. Rxc1 Kxc1 48. a4 Kd2 49. a5 Ke3 50. a6 Kxf3 51. a7 Kg2 52. a8Q f3 53. Qf8 f2 54. Qg7+ Kh1 55. Qh6+ Kg2 56. Qg5+ Kh1 57. Qh4+ Kg2 58. Qg4+ Kh1 59. Qf3+ Kg1 60. Kf7 1-0

[Event "Asia Clubs 1st"]
[Site "Al Ain"]
[Date "2008.12.27"]
[Round "3"]
[White "Waqar, Ahmad Madni"]
[Black "Somoff, Abdo"]
[Result "1-0"]
[WhiteElo "2051"]
[BlackElo "2282"]
[PlyCount "135"]
[EventDate "2008.12.25"]
[EventType "team"]
[EventRounds "7"]
[EventCountry "UAE"]
[SourceTitle "CBM 127 Extra"]
[Source "ChessBase"]
[SourceDate "2009.01.08"]
[SourceVersion "2"]
[SourceVersionDate "2009.01.28"]
[SourceQuality "1"]

1. e4 c5 2. Nf3 e6 3. d4 cxd4 4. Nxd4 Nc6 5. Nc3 Qc7 6. Be2 a6 7. 0-0 b5 8. a3 Bb7 9. Be3 Nf6 10. Qd2 Rc8 11. f4 d6 12. Rac1 Be7 13. Bd3 0-0 14. h3 Na5 15. f5 e5 16. Nf3 Nc4 17. Bxc4 Qxc4 18. Bg5 Bxe4 19. Bxf6 gxf6 20. Nh2 Kh8 21. Qe3 Bb7 22. Ng4 Qc5 23. Rfd1 h5 24. Qxc5 Rxc5 25. Ne3 Rfc8 26. Ned5 Bxd5 27. Nxd5 Bf8 28. c3 Bg7 29. Rc2 Rd8 30. Re2 a5 31. Re4 Rc4 32. Rxc4 bxc4 33. Nb6 Bf8 34. Rd5 Rb8 35. Nxc4 a4 36. Kf1 Kh7 37. Ke2 h4 38. Kf3 Be7 39. Ra5 Bd8 40. Rxa4 d5 41. Ne3 e4+ 42. Kg4 Rxb2 43. Nxd5 Rxg2+ 44. Kxh4 Rd2 45. c4 Rb2 46. Ra8 Bb6 47. Nxf6+ Kg7 48. Nxe4 Re2 49. f6+ Kh7 50. Re8 Ra2 51. c5 Ba5 52. Kh5 Bd2 53. c6 Rc2 54. Nxd2 Rc5+ 55. Kg4 Rxc6 56. Ne4 Kg6 57. Rg8+ Kh6 58. Ra8 Kg6 59. a4 Rc1 60. a5 Re1 61. Kf4 Rf1+ 62. Ke5 Rf5+ 63. Kd4 Rf3 64. Rg8+ Kh6 65. a6 Ra3 66. Nc5 Kh7 67. Rg7+ Kh8 68. Rxf7 1-0